El lugar de la antropología audiovisual: metodología participativa y espacios profesionales /
El artículo pretende discutir el lugar profesional de la antropología audiovisual, a partir de una metodología participativa. De esta manera, desarrolla la importancia de este espacio como vía para superar la crisis de la representación, y cómo es que se crean nuevos espacios profesionales de la Ant...
Gardado en:
| Autor Principal: | |
|---|---|
| Formato: | Texto |
| Materias: | |
| Etiquetas: |
Engadir etiqueta
Sen Etiquetas, Sexa o primeiro en etiquetar este rexistro!
|
MARC
| LEADER | 00000 a a2200000 04500 | ||
|---|---|---|---|
| 001 | 46504 | ||
| 003 | |||
| 040 | |||
| 100 | |a Robles, Juan | ||
| 245 | |a El lugar de la antropología audiovisual: |b metodología participativa y espacios profesionales / |c Juan Robles | ||
| 520 | |a El artículo pretende discutir el lugar profesional de la antropología audiovisual, a partir de una metodología participativa. De esta manera, desarrolla la importancia de este espacio como vía para superar la crisis de la representación, y cómo es que se crean nuevos espacios profesionales de la Antropología audiovisual. | ||
| 590 | |a AMB/OCTUBRE2014 | ||
| 650 | |a ANTROPOLOGIA | ||
| 650 | |a METODOLOGIA | ||
| 650 | |a MEDIOS AUDIOVISUALES | ||
| 650 | |a PARTICIPACION | ||
| 650 | |a TRABAJADORES PROFESIONALES | ||
| 773 | |g volumen16, número44 (2012), páginas 147-162 | ||
| 999 | |c 21585 |d 21585 | ||
